00572nam a2200157 i 450000100060000000300090000600500170001500700030003200800410003511000610007624501450013726000610028230000210034385200260036485200240039025979ES-MaACL20250831121726.0t|030107s1887 sp ||||1| spa d2 aAsociación para la Reforma de los Aranceles de Aduanas10aMeeting librecambista celebrado en el Teatro Real el día 1º de mayo de 1887 / cAsociación para la Reforma de los Aranceles de Aduanas. aMadrid : b[s.n.], c1887 (fImp. de Enrique de la Riva) a57 p. ; c22 cm. aES-MaACLjFol-Laf-238 aES-MaACLjT-467-F-5